| 000 | 00530nam a2200205Ia 4500 | ||
|---|---|---|---|
| 005 | 20250923150136.0 | ||
| 008 | 008 250917s9999 xx 000 0 eng d | ||
| 037 | _aTextual | ||
| 040 |
_aDSWL _beng _cDSWL |
||
| 041 |
_aeng _2eng |
||
| 084 | _qDSWL | ||
| 245 | 0 |
_aRural progress , rural decay _c Ed.by L L North |
|
| 260 |
_aBloomfield _bC T Kumarian Press _c2003 |
||
| 300 | _a268p. | ||
| 365 |
_aINR _b1245.6 |
||
| 700 |
_a J D CAMERON _9842712 |
||
| 925 | _g1245.6 | ||
| 942 | _cTEXL | ||
| 999 |
_c1460040 _d1460040 |
||